上海市旅游景区 - Statistics

General Stats
  • This quiz has been taken 40 times
  • The average score is 19 of 76
Answer Stats
区县 景区 % Correct
浦东新区 东方明珠广播电视塔
77%
黄浦区静安区
虹口区
中国共产党一大·二大·四大纪念馆
69%
黄浦区 上海博物馆
63%
松江区 上海佘山国家森林公园
63%
黄浦区 上海豫园
60%
长宁区 上海动物园
57%
浦东新区 上海野生动物园
57%
浦东新区 上海科技馆
54%
青浦区 朱家角古镇
51%
金山区 枫泾古镇
49%
徐汇区 上海徐家汇源景区
43%
浦东新区 金茂大厦88层观光厅
43%
闵行区 上海七宝古镇
40%
浦东新区 上海世纪公园
40%
徐汇区 上海植物园
37%
杨浦区 上海共青森林公园
37%
松江区 上海广富林文化遗址
37%
青浦区 上海市青少年校外活动营地-东方绿舟
37%
崇明区 上海东滩湿地公园
37%
闵行区 上海浦江郊野公园景区
34%
浦东新区 上海之巅观光厅
34%
徐汇区 上海宋庆龄故居纪念馆
31%
普陀区 上海长风公园·长风海洋世界景区
31%
宝山区 上海顾村公园景区
31%
嘉定区 上海南翔景区
31%
松江区 上海欢乐谷
29%
松江区 上海辰山植物园
29%
松江区 上海醉白池公园
29%
崇明区 上海市崇明区西沙明珠湖景区
29%
崇明区 东平国家森林公园
29%
徐汇区 上海市龙华烈士陵园
26%
青浦区 陈云故里·练塘古镇景区
26%
闵行区 锦江乐园
23%
嘉定区 上海国际赛车场旅游景区
23%
浦东新区 上海海昌海洋公园
23%
松江区 上海影视乐园
23%
青浦区 上海大观园
23%
奉贤区 碧海金沙景区
23%
奉贤区 上海海湾国家森林公园
23%
宝山区 上海炮台湾景区
20%
嘉定区 上海古猗园
20%
金山区 金山城市沙滩景区
20%
金山区 上海东林寺景区
20%
崇明区 上海长兴岛郊野公园
20%
闵行区 上海召稼楼景区
17%
嘉定区 上海嘉定州桥
17%
浦东新区 上海海洋水族馆
17%
金山区 上海金山嘴渔村
17%
松江区 上海方塔园
17%
黄浦区 上海杜莎夫人蜡像馆
14%
虹口区 上海犹太难民纪念馆
14%
浦东新区 上海鲜花港
14%
浦东新区 中国航海博物馆
14%
金山区 上海廊下郊野公园景区
14%
青浦区 上海金泽古镇景区
14%
黄浦区 上海城市规划展示馆
11%
宝山区 上海玻璃博物馆
11%
浦东新区 上海薰衣草公园
11%
金山区 上海花开海上生态园
11%
松江区 上海月湖雕塑公园
11%
虹口区 上海北外滩国客中心景区
9%
闵行区 上海闵行文化公园
9%
奉贤区 上海都市菜园景区
9%
崇明区 上海江南三民文化村景区
9%
宝山区 上海闻道园
6%
嘉定区 上海汽车博览公园
6%
松江区 上海蓝精灵乐园
6%
青浦区 上海张马景区
6%
崇明区 上海海上花岛前卫村景区
6%
杨浦区 上海国际时尚中心
3%
杨浦区 上海笔墨宫坊景区
3%
宝山区 上海宝山国际民间艺术博览馆景区
3%
浦东新区 比斯特上海购物村景区
3%
松江区 上海云堡未来市艺术文创景区
3%
青浦区 上海联怡枇杷乐园
3%
崇明区 上海高家庄生态园
3%
No matching quizzes found
Score Distribution
Percent of People with Each Score
Percentile by Number Answered
Your Score History
You have not taken this quiz